00765nam a2200241Ia 4500008004000000020001500040041000800055082001300063100001700076245004400093260005600137300001200193650001600205650000900221650001200230650001500242650000800257690002600265700002100291906001100312999001900323952018100342210210b2006 xxu||||| |||| 00| 0 eng d a8173918422 aeng a350 BAGG aBAGHEL (C L) aGood governance: conecpt and approaches aNew DelhibKanishka Publishers & Distributorsc2006 axiv,430 agovernance: aGood aconecpt aapproaches aand aPublic Administration aKUMAR (Yogendra) a064250 c140290d140290 001040708Political ScienceaALbALcPolitical Scienced2021-02-17eShri Krishna Sahitya Sansthan, New Delhig950.00l0o350 BAGGp064250r2021-02-17 00:00:00w2021-02-17yBK